logo

Bir Sreshtho Munshi Abdur Rouf Library
Jhenaidah Cadet College

Media in times of crisis : (Record no. 5965)

MARC details
000 -LEADER
fixed length control field 00884cam a2200289 a 4500
001 - CONTROL NUMBER
JCCL Control Number 5965
003 - CONTROL NUMBER IDENTIFIER
JCCL marc code BD-JhCC
005 - DATE AND TIME OF LATEST TRANSACTION
control field 20171231133014.0
008 - FIXED-LENGTH DATA ELEMENTS--GENERAL INFORMATION
fixed length control field 030508s2003 ii a b 000 0 eng
020 ## - INTERNATIONAL STANDARD BOOK NUMBER
International Standard Book Number 9848130551
035 ## - SYSTEM CONTROL NUMBER
system control number (DLC) 2003307927
040 ## - CATALOGING SOURCE
Original cataloging agency DLC
Transcribing agency DLC
Modifying agency DLC
041 ## - LANGUAGE CODE
Language code of Book eng
050 00 - LIBRARY OF CONGRESS CALL NUMBER
Classification number P92.B36
Item number C38 2003
082 ## - DEWEY DECIMAL CLASSIFICATION NUMBER
Classification number 302.230954
Author mark and Year CAU 2003
100 1# - MAIN ENTRY--PERSONAL NAME
Personal name Caudhurī, Āphasāna.
245 10 - TITLE STATEMENT
Title Media in times of crisis :
Remainder of title national and international issues /
Statement of responsibility, etc Afsan Chowdhury.
260 ## - PUBLICATION, DISTRIBUTION, ETC. (IMPRINT)
Place of publication, distribution, etc Dhaka :
Name of publisher, distributor, etc Shraban Prokashoni,
Date of publication, distribution, etc 2003.
300 ## - PHYSICAL DESCRIPTION
Pagination 208 p. :
Other physical details ill. ;
Dimensions 22 cm.
504 ## - BIBLIOGRAPHY, ETC. NOTE
Bibliography, etc Includes bibliographical references.
520 ## - SUMMARY, ETC.
Summary, etc With reference to press and censorship of Bangladesh.
650 #0 - SUBJECT ADDED ENTRY--TOPICAL TERM
Topical term or geographic name as entry element Mass media
Geographic subdivision Bangladesh.
650 #0 - SUBJECT ADDED ENTRY--TOPICAL TERM
Topical term or geographic name as entry element Press
Geographic subdivision Bangladesh.
650 #0 - SUBJECT ADDED ENTRY--TOPICAL TERM
Topical term or geographic name as entry element Communication
General subdivision Social aspects
Geographic subdivision Bangladesh.
942 ## - ADDED ENTRY ELEMENTS (KOHA)
Source of classification or shelving scheme Dewey Decimal Classification
Koha item type Books
Holdings
Source of classification or shelving scheme Damaged status Not for loan Home library Current library Shelving location Date of accession Total Checkouts Full call number Barcode Date last seen Copy number Koha item type
Dewey Decimal Classification     JCC Rouf Library JCC Rouf Library General Stacks 12/31/2017   302.230954 CAU 2003 8412 12/31/2017 C - 1 Books

JCC Library | Contacts | JCC Home

Last Update on 23 September 2017
Copyright @ 2017-2020 JCC Rouf Library
Rouf Library, Jhenidah Cadet College (JCC), Bangladesh